[Event "Novokuznetsk-ch op"]
[Site "Novokuznetsk"]
[Date "2009.12.13"]
[Round "9"]
[White "Medvedev, Emelian"]
[Black "Pautov, Eduard"]
[Result "0-1"]
[WhiteElo "2057"]
[BlackElo "2278"]
[PlyCount "106"]
[EventDate "2009.11.21"]
[EventType "swiss"]
[EventRounds "9"]
[EventCountry "RUS"]
[SourceTitle "EXT 2011"]
[Source "ChessBase"]
[SourceDate "2010.11.26"]
[SourceVersion "1"]
[SourceVersionDate "2010.11.26"]
[SourceQuality "1"]

1. d4 Nf6 2. c4 e6 3. Nc3 d5 4. cxd5 exd5 5. Bg5 Be7 6. e3 0-0 7. Bd3 c6 8. Qc2 Nbd7 9. Nge2 Re8 10. 0-0-0 Nf8 11. h3 b5 12. g4 a5 13. Bf4 a4 14. Ng3 b4 15. Nxa4 Ba6 16. Bxa6 Rxa6 17. b3 Ne6 18. Nf5 Bf8 19. Kb1 Nxf4 20. exf4 Qc7 21. Rhe1 Rxe1 22. Rxe1 g6 23. Qe2 Rxa4 24. bxa4 Ne4 25. Qe3 Qa5 26. Ng3 Nc3+ 27. Kb2 Qxa4 28. Ra1 c5 29. f5 Nd1+ 30. Rxd1 Qxd1 31. Nh5 c4 32. Nf6+ Kh8 33. Nxd5 c3+ 34. Nxc3 bxc3+ 35. Kxc3 Qa1+ 36. Kd3 Qxa2 37. fxg6 hxg6 38. f4 Bd6 39. h4 Kg7 40. Ke4 Qh2 41. d5 Qxh4 42. Qc3+ Qf6 43. Qc1 g5 44. fxg5 Qe5+ 45. Kf3 Qxd5+ 46. Kf2 Qe4 47. Qd1 Bc5+ 48. Kg3 Qe5+ 49. Kh3 Qxg5 50. Qa1+ Qf6 51. Qd1 Bd6 52. Qd3 Qf4 53. Kh4 Qh6# 0-1

[Event "Novokuznetsk-ch op"]
[Site "Novokuznetsk"]
[Date "2009.11.29"]
[Round "5"]
[White "Chernov, Mikhail"]
[Black "Pautov, Eduard"]
[Result "0-1"]
[WhiteElo "1996"]
[BlackElo "2278"]
[PlyCount "68"]
[EventDate "2009.11.21"]
[EventType "swiss"]
[EventRounds "9"]
[EventCountry "RUS"]
[SourceTitle "EXT 2011"]
[Source "ChessBase"]
[SourceDate "2010.11.26"]
[SourceVersion "1"]
[SourceVersionDate "2010.11.26"]
[SourceQuality "1"]

1. e4 c6 2. d4 d5 3. Nc3 dxe4 4. Nxe4 Nd7 5. Ng5 Ngf6 6. Bc4 e6 7. Qe2 Nb6 8. Bd3 h6 9. N5f3 c5 10. c3 a6 11. Bf4 Bd6 12. Bg3 Nbd5 13. Qd2 0-0 14. Ne2 b5 15. 0-0 Bb7 16. Ne5 cxd4 17. Nxd4 Qc7 18. Rfe1 Nh5 19. Ndf3 Nxg3 20. hxg3 Nf6 21. a4 Rfd8 22. Qe2 b4 23. cxb4 Bxb4 24. Red1 Bc5 25. Rac1 Qb6 26. Bb1 Rxd1+ 27. Rxd1 Rd8 28. Rxd8+ Qxd8 29. Nd3 Bb6 30. b4 Ne4 31. Kf1 Bxf2 32. Qc2 Bd4 33. Nc5 Bxc5 34. bxc5 Qd5 0-1

[Event "Novokuznetsk-ch op"]
[Site "Novokuznetsk"]
[Date "2009.11.22"]
[Round "2"]
[White "Pautov, Eduard"]
[Black "Golovina, Darya"]
[Result "1-0"]
[WhiteElo "2278"]
[BlackElo "1792"]
[PlyCount "81"]
[EventDate "2009.11.21"]
[EventType "swiss"]
[EventRounds "9"]
[EventCountry "RUS"]
[SourceTitle "EXT 2011"]
[Source "ChessBase"]
[SourceDate "2010.11.26"]
[SourceVersion "1"]
[SourceVersionDate "2010.11.26"]
[SourceQuality "1"]

1. d4 d5 2. Nf3 Nf6 3. c4 c6 4. Nc3 Bf5 5. Qb3 Qb6 6. Qxb6 axb6 7. cxd5 Nxd5 8. Nxd5 cxd5 9. e3 Nc6 10. Bb5 Rc8 11. Bd2 e6 12. Ke2 Bd6 13. Rac1 0-0 14. h3 h6 15. Rc3 Bb4 16. Rb3 Bxd2 17. Nxd2 Na5 18. Rc3 Rxc3 19. bxc3 Rc8 20. Rc1 Nc4 21. Bxc4 dxc4 22. e4 Bg6 23. Rb1 Ra8 24. Rxb6 Rxa2 25. f3 Rc2 26. Rxb7 Rxc3 27. Rb8+ Kh7 28. Rc8 f5 29. Rxc4 Rxc4 30. Nxc4 fxe4 31. f4 Kg8 32. Ke3 Kf8 33. Nd6 Ke7 34. Nxe4 Kd7 35. g4 Kc6 36. Ng3 Kd5 37. f5 Bf7 38. fxe6 Bxe6 39. Nf5 h5 40. Nxg7 Bg8 41. Nxh5 1-0

[Event "Novokuznetsk-ch HL"]
[Site "Novokuznetsk"]
[Date "2008.05.03"]
[Round "5"]
[White "Sitnikov, Dmitrij"]
[Black "Pautov, Eduard"]
[Result "1-0"]
[WhiteElo "2415"]
[BlackElo "2307"]
[PlyCount "53"]
[EventDate "2008.04.30"]
[EventType "tourn"]
[EventRounds "11"]
[EventCountry "RUS"]
[SourceTitle "EXT 2022"]
[Source "ChessBase"]
[SourceDate "2021.10.06"]
[SourceVersion "1"]
[SourceVersionDate "2021.10.06"]
[SourceQuality "1"]

1. e4 c6 2. d4 d5 3. exd5 cxd5 4. c4 Nf6 5. Nc3 Nc6 6. Nf3 Bg4 7. cxd5 Nxd5 8. Qb3 Bxf3 9. gxf3 e6 10. Qxb7 Nxd4 11. Bb5+ Nxb5 12. Qc6+ Ke7 13. Qxb5 Qd7 14. Nxd5+ exd5 15. Qc5+ Qd6 16. Qxd6+ Kxd6 17. Bf4+ Ke6 18. 0-0-0 Bc5 19. Rhe1+ Kf6 20. Be5+ Kg6 21. Rg1+ Kf5 22. Rxd5 Bxf2 23. Bxg7+ Kf4 24. Bh6+ Kxf3 25. Rf5+ Ke2 26. Rg2 Rac8+ 27. Kb1 1-0

[Event "Novokuznetsk-ch HL"]
[Site "Novokuznetsk"]
[Date "2008.05.01"]
[Round "3"]
[White "Polyanskiy, Vladimir"]
[Black "Pautov, Eduard"]
[Result "1/2-1/2"]
[WhiteElo "2196"]
[BlackElo "2307"]
[PlyCount "120"]
[EventDate "2008.04.30"]
[EventType "tourn"]
[EventRounds "11"]
[EventCountry "RUS"]
[SourceTitle "EXT 2022"]
[Source "ChessBase"]
[SourceDate "2021.10.06"]
[SourceVersion "1"]
[SourceVersionDate "2021.10.06"]
[SourceQuality "1"]

1. d4 Nf6 2. Nc3 d5 3. Bg5 Nbd7 4. Nf3 c6 5. e3 Qa5 6. Qd2 e6 7. Bxf6 Nxf6 8. Bd3 Bd6 9. 0-0 Qc7 10. e4 dxe4 11. Nxe4 Nxe4 12. Bxe4 0-0 13. c4 Bd7 14. c5 Be7 15. b4 Rad8 16. Rfe1 Bf6 17. Bc2 Bc8 18. Qe3 g6 19. Ne5 Bg7 20. h4 Qe7 21. g3 Rfe8 22. Rad1 Bxe5 23. dxe5 Rxd1 24. Rxd1 Kg7 25. Be4 a6 26. Rd6 h6 27. a4 f5 28. Bd3 g5 29. h5 Qf7 30. g4 Re7 31. Rd8 Rc7 32. gxf5 exf5 33. e6 Qf6 34. Rd6 Re7 35. Bc4 Qa1+ 36. Kg2 Qf6 37. Kh2 Re8 38. Kg2 Re7 39. Bb3 Kf8 40. Kh2 Kg7 41. b5 axb5 42. axb5 cxb5 43. Rb6 g4 44. Rxb5 Bxe6 45. Rb6 Qh4+ 46. Kg1 g3 47. fxg3 f4 48. gxh4 fxe3 49. Rxe6 Rc7 50. Rg6+ Kh8 51. Rxh6+ Kg7 52. Rg6+ Kh7 53. Bg8+ Kh8 54. Kf1 Rxc5 55. h6 Rc6 56. h5 Rc5 57. h7 Rxh5 58. Ke2 Re5 59. Rb6 Re7 60. Rb3 Kg7 1/2-1/2

[Event "Novokuznetsk-ch HL"]
[Site "Novokuznetsk"]
[Date "2008.04.30"]
[Round "1"]
[White "Izmestiev, Alexey"]
[Black "Pautov, Eduard"]
[Result "1/2-1/2"]
[WhiteElo "2145"]
[BlackElo "2307"]
[PlyCount "153"]
[EventDate "2008.04.30"]
[EventType "tourn"]
[EventRounds "11"]
[EventCountry "RUS"]
[SourceTitle "EXT 2022"]
[Source "ChessBase"]
[SourceDate "2021.10.06"]
[SourceVersion "1"]
[SourceVersionDate "2021.10.06"]
[SourceQuality "1"]

1. d4 Nf6 2. c4 e6 3. Nc3 c5 4. d5 exd5 5. cxd5 d6 6. e4 g6 7. Bd3 Bg7 8. Nge2 0-0 9. 0-0 a6 10. a4 Re8 11. h3 Nbd7 12. Ng3 Qc7 13. Re1 Rb8 14. Be3 c4 15. Bf1 Nc5 16. Bxc4 Bd7 17. Bd3 b5 18. axb5 Bxb5 19. Nxb5 axb5 20. Rc1 b4 21. f4 Nfd7 22. Re2 Qd8 23. Bb1 Qh4 24. Kh2 Bh6 25. Qf1 f5 26. Qf3 Nf6 27. exf5 Rxe3 28. Rxe3 Bxf4 29. Kg1 Bxe3+ 30. Qxe3 Re8 31. Qf2 g5 32. Rd1 Qc4 33. Kh1 Re5 34. Kh2 h6 35. Rd4 Qc1 36. Bd3 Qe3 37. Qxe3 Rxe3 38. Bc2 b3 39. Bd1 Kg7 40. Nf1 Re1 41. Ng3 Re5 42. Bf3 Re1 43. Bd1 Kf7 44. Rd2 Ke7 45. Re2+ Rxe2 46. Nxe2 Nfe4 47. Nd4 Nd2 48. Kg1 Kf6 49. g4 Ke5 50. Nf3+ Nxf3+ 51. Bxf3 Nd3 52. Bd1 Kxd5 53. Bxb3+ Ke5 54. Bc2 Nxb2 55. Kf2 Nc4 56. Ke2 Nb6 57. Bb3 Nd7 58. Ke3 Nf6 59. Bc4 Nd7 60. Bb3 Nc5 61. Bc2 d5 62. Ke2 Nd7 63. Kd3 Nf6 64. Ke3 h5 65. gxh5 Nxh5 66. Kf3 Nf6 67. Kg3 d4 68. h4 gxh4+ 69. Kxh4 Kf4 70. Kh3 Ng4 71. Bb1 Nf6 72. Kg2 Nd5 73. Kf2 Ke5 74. Kf3 Ne3 75. f6 Kxf6 76. Ke4 Nf5 77. Ba2 1/2-1/2